00236nam a2200073Ia 4500008004100000082001100041100003500052245007500087190716s9999 xx 000 0 und d aTD-50# aDhadave, Mallikarjun Shankarap 0aIntegration of slum into the community : a case study of Gulbarga city